The origin of wealth : evolution, complexity, and the radical remaking of economics (Record no. 52936)

MARC details
000 -LEADER
fixed length control field 00965nam a2200253 a 4500
001 - CONTROL NUMBER
control field 14268694
008 - FIXED-LENGTH DATA ELEMENTS--GENERAL INFORMATION
fixed length control field 181022s2006 ||||||||||||||||| || u
010 ## - LIBRARY OF CONGRESS CONTROL NUMBER
LC control number 2006005594
020 ## - INTERNATIONAL STANDARD BOOK NUMBER
International Standard Book Number 9780712676618
020 ## - INTERNATIONAL STANDARD BOOK NUMBER
International Standard Book Number 9781578517770
020 ## - INTERNATIONAL STANDARD BOOK NUMBER
International Standard Book Number 9781578517770 (hardcover : alk. paper)
050 ## - LIBRARY OF CONGRESS CALL NUMBER
Classification number HD 82 Bei
100 ## - MAIN ENTRY--PERSONAL NAME
Personal name Beinhocker, Eric D
245 14 - TITLE STATEMENT
Title The origin of wealth : evolution, complexity, and the radical remaking of economics
Statement of responsibility, etc. By Eric D. Beinhocker.
260 ## - PUBLICATION, DISTRIBUTION, ETC.
Place of publication, distribution, etc. Boston:
Name of publisher, distributor, etc. Random House
Date of publication, distribution, etc. 2006
300 ## - PHYSICAL DESCRIPTION
Extent xvi, 527 p. : ill.
350 ## - PRICE (NR) (BK AM CF MU VM SE) [OBSOLETE]
Price 19.55
500 ## - GENERAL NOTE
General note Includes bibliographical references (p. 490-506) and index.
650 #0 - SUBJECT ADDED ENTRY--TOPICAL TERM
Topical term or geographic name entry element ECONOMICS
650 #0 - SUBJECT ADDED ENTRY--TOPICAL TERM
Topical term or geographic name entry element ECONOMIC HISTORY
650 #0 - SUBJECT ADDED ENTRY--TOPICAL TERM
Topical term or geographic name entry element ECONOMIC DEVELOPMENT
856 ## - ELECTRONIC LOCATION AND ACCESS
Uniform Resource Identifier <a href="http://www.loc.gov/catdir/toc/ecip068/2006005594.html">http://www.loc.gov/catdir/toc/ecip068/2006005594.html</a>
995 ## - RECOMMENDATION 995 [LOCAL, UNIMARC FRANCE]
-- CBU-MAIN LIBRARY (Kitwe)
-- 19.55
-- 1
-- AVAILABLE
-- Oct 22, 2018
-- Main Library Open Access Collection
Holdings
Withdrawn status Lost status Source of classification or shelving scheme Damaged status Not for loan Home library Current library Shelving location Date acquired Total Checkouts Full call number Barcode Date last seen Price effective from Koha item type
          CBU-MAIN LIBRARY, KITWE. CBU-MAIN LIBRARY, KITWE.   11/30/2022   HD 82 Bei 748697 11/30/2022 11/30/2022 MONOGRAPH